00783nam a2200205 4500001000700000003000900007005001700016007000300033008004100036100003000077245013700107260003000244300002200274490003600296700002800332830004400360852003200404999001900436952012200455140256ES-MaACL20230906200036.0t|070214s1979 sp r ||||1| spa d1 aSchumacher, E. F.910480310aLo pequeño es hermoso b: por una sociedad técnica a la medida del hombre / cE. F. Schumacher ; traducción de Oscar Margenet. aMadrid : bBlume, c1979. a310 p. ; c21 cm.1 aCiencia, tecnología, sociedad1 aMargenet, Oscar.9766240 aCiencia, tecnología, sociedad9220310 aES-MaACLjA-10371 bR.99604 c140256d140256 00104070aATENEOMbATENEOMcDEPO1d2008-01-17eSCl0oA-10371p1145955r2023-02-23 00:00:00w2023-02-23yMONOGRAFIA